BP potvrdil trend výpredaja ruského priemyslu
British Petroleum (BP) prináša Rusku najväčšiu zahraničnú investíciu v jeho novodobej histórii. Spolu s ruskými podnikateľskými skupinami parafoval vznik tretieho najväčšieho ruského ropného koncernu. Finančný podiel, ktorý zaplatí BP. Transakcia sa však mediálne označuje ako výpredaj ruského ropnéh...
Salvato in:
| Autore principale: | |
|---|---|
| Altri autori: | |
| Natura: | Capitolo di libro |
| Lingua: | slovacco |
| Soggetti: | |
| Tags: |
Nessun Tag, puoi essere il primo ad aggiungerne!!
|
MARC
| LEADER | 00000naa a2200000 4500 | ||
|---|---|---|---|
| 001 | r048029 | ||
| 005 | 20230921114648.1 | ||
| 041 | 0 | |a slo | |
| 044 | |a SK | ||
| 245 | 1 | 0 | |a BP potvrdil trend výpredaja ruského priemyslu |c Karel Hirman, Juraj Janoška |
| 520 | |a British Petroleum (BP) prináša Rusku najväčšiu zahraničnú investíciu v jeho novodobej histórii. Spolu s ruskými podnikateľskými skupinami parafoval vznik tretieho najväčšieho ruského ropného koncernu. Finančný podiel, ktorý zaplatí BP. Transakcia sa však mediálne označuje ako výpredaj ruského ropného priemyslu. | ||
| 610 | 2 | 0 | |a ropa |
| 610 | 2 | 0 | |a investície zahraničné |
| 610 | 2 | 0 | |a investície zo zahraničia |
| 610 | 2 | 0 | |a Rusko |
| 610 | 2 | 0 | |a Veľká Británia |
| 610 | 2 | 0 | |a priemysel |
| 100 | 1 | |a Hirman, Karel | |
| 700 | 1 | |a Janoška, Juraj | |